Tổ chức xã hội truyền thống của người Cơ Tu ở huyện Nam Đông tỉnh Thừa Thiên Huế : Sách chuyên khảo /
Nghiên cứu nội dung cơ bản của tổ chức xã hội truyền thống tộc người Cơ tu và bước đầu xác định những giá trị văn hóa tiêu biểu trong tổ chức xã hội truyền thống ấy, cũng như chỉ báo các xu hướng biến đổi của nó
Đã lưu trong:
| 主要作者: | |
|---|---|
| 格式: | 图书 |
| 语言: | Vietnamese |
| 出版: |
H. :
Chính trị Quốc gia,
2014.
|
| 主题: | |
| 标签: |
添加标签
没有标签, 成为第一个标记此记录!
|
| Thư viện lưu trữ: | Mạng thư viện Đại học Đà Nẵng |
|---|
| LEADER | 02042aam a22004218a 4500 | ||
|---|---|---|---|
| 001 | 000020139 | ||
| 003 | 16581 | ||
| 005 | 20230410101840.0 | ||
| 008 | 150130s2014 viesd | ||
| 020 | 0 | |a 9786045708125 |c 34000 | |
| 040 | 0 | |a LSP |c LSP | |
| 041 | 0 | |a vie | |
| 082 | 1 | 4 | |2 14 |a 305.89593 |b TR-A |
| 100 | 1 | |a Trần Thị Mai An | |
| 245 | 1 | 0 | |a Tổ chức xã hội truyền thống của người Cơ Tu ở huyện Nam Đông tỉnh Thừa Thiên Huế : |b Sách chuyên khảo / |c Trần Thị Mai An. |
| 260 | |a H. : |b Chính trị Quốc gia, |c 2014. | ||
| 300 | |a 186 tr. ; |c 20 cm. | ||
| 500 | |a Sách giảng viên. | ||
| 504 | |a Thư mục: tr. 185-186. - Phụ lục cuối chính văn | ||
| 520 | |a Nghiên cứu nội dung cơ bản của tổ chức xã hội truyền thống tộc người Cơ tu và bước đầu xác định những giá trị văn hóa tiêu biểu trong tổ chức xã hội truyền thống ấy, cũng như chỉ báo các xu hướng biến đổi của nó | ||
| 650 | 0 | 4 | |a Dân tộc học |x Xã hội truyền thống |z Thừa Thiên Huế |
| 651 | 7 | |a Nam Đông | |
| 651 | 7 | |2 Bộ TK TVQG |a Thừa Thiên - Huế | |
| 653 | |a Xã hội truyền thống | ||
| 653 | |a Người Cơ tu | ||
| 852 | |a LREL |b Kho đọc tầng 1 |j Dân tộc học | ||
| OWN | |a LSP | ||
| AVA | |a UDN50 |b LSP |d 305.89593 TR-A |e available |t Error 5001 Not defined in file expand_doc_bib_avail. |f 2 |g 0 |h N |i 0 |k 1 | ||
| AVA | |a UDN50 |b LSP |c References |d 305.89593 TR-A |e available |t Error 5001 Not defined in file expand_doc_bib_avail. |f 4 |g 0 |h N |i 0 |j TK |k 1 | ||
| 999 | |a From the UDN01 | ||
| AVA | |a UDN50 |b LSP |d 305.89593 TR-A |e available |t Error 5001 Not defined in file expand_doc_bib_avail. |f 2 |g 0 |h N |i 0 |k 1 | ||
| AVA | |a UDN50 |b LSP |c References |d 305.89593 TR-A |e available |t Error 5001 Not defined in file expand_doc_bib_avail. |f 4 |g 0 |h N |i 0 |j TK |k 1 | ||
| TYP | |a Monograph | ||
| TYP | |a Printed language | ||
| 980 | |a Mạng thư viện Đại học Đà Nẵng | ||


